Представление документа в формате RUSMARC

ПолеНазваниеЗначение
  Тип записи a
  Библиографический уровень m
001 Контрольный номер RU/IS/BASE/484830158
005 Дата корректировки 20240207193203.5
010 Индекс ISBN __
d Цена 50 р. 20 к.
100 Данные общей обработки __
a Данные общей обработки 20150513d2015 ||| 0rusy0189 ca
101 Язык документа 0_
a Язык текста rus
102 Страна публикации __
a Страна публикации RU
105 Кодированные данные (монография) __
a Кодированные данные (монография) y###||||000|y
200 Заглавие и сведения об ответственности 1_
a Заглавие Библиофил. Люди, рукописи, книги. Тайны и открытия
b Общее обозначение материала Текст
h Номер части Вып. 1
210 Выходные данные 1_
a Место издания Москва
c Издательство Либерея
d Дата издания 2000
215 Физическое описание __
a Объем 239 с.
225 Серия 0_
a Серия Приложение к журналу " Библиотека"
606 Тематические рубрики 1_
a Основная рубрика Библиофилия
610 Ключевые слова 1_
a Ключевые слова библиофилия
a Ключевые слова библиофилы
a Ключевые слова книги
a Ключевые слова рукописи
a Ключевые слова тайны
a Ключевые слова открытия
a Ключевые слова коллекции
a Ключевые слова коллекционирование книг
a Ключевые слова коллекционирование
a Ключевые слова коллекционеры книг
a Ключевые слова коллекционеры
a Ключевые слова коллекции книжные
686 Индексы других классификаций __
a Классификационный индекс 76.19
2 Код системы rubbk
801 Источник записи _0
a Страна RU
b Организация Ульяновская ОБДЮ
c Дата составления 20150513
g Правила каталогизации RCR
801 Источник записи _1
a Страна RU
b Организация Ульяновская ОБДЮ
c Дата составления 20150513
g Правила каталогизации RCR
852 Данные о местонахождении __
a Наименование организации Ульяновская ОБДЮ
i Авторский знак Б 59
j Шифр хранения 76.19
901 Тип документа __
t Тип документа m
910 Корректоры записи __
a Корректор записи Плотникова
919 __
a Плотникова
938 Служебная информация __
a Имя БД MarkBase